000 00692nam a2200241 4500
003 OSt
005 20260601171010.0
008 260507b1965\\\\|||a||||\||||\000\0\eng\d
040 _aICI
_bspa
_cICI
050 _aBF475
_bL83
100 1 _aluckiesh, matthew
_933010
245 1 _aVisual Illusions:
_bTheir Causes, Characteristics & Applications
264 _bDover Publications
_c1965
_aNew York
300 _a252 páginas
336 _atexto
_2rdacontent
337 _asin medio
_2rdamedia
338 _avolumen
_2rdacarrier
650 _aIlusiones ópticas
650 _aPercepción visual
650 _aPsicología experimental
_933013
650 _aVisión
_933014
942 _2lcc
_cB
_n1
999 _c20479
_d20479